| 000 | 00437 a2200157 4500 | ||
|---|---|---|---|
| 005 | 20250625100037.0 | ||
| 020 | _a0-7674-3036-0 | ||
| 082 | _a808.0427 CRU | ||
| 100 | _aCRSIUS, T. W. | ||
| 245 | _aThe Aims of argument: A Text and Reader. | ||
| 250 | _a4th Ed. | ||
| 260 |
_aNew York. _bMc Graw-Hill Irwin, _c2003. |
||
| 300 |
_axxiv, 894p.: ill.; picture, table _bGLOSSARY & Index _c24cm |
||
| 700 | _aCHANNELL, C. E. | ||
| 942 |
_2ddc _cBKS |
||
| 999 |
_c4995 _d4995 |
||